Champions League 2021-22 First XI - Statistics

General Stats
  • This quiz has been taken 1,281 times
  • The average score is 140 of 352
Answer Stats
Team Position Player % Correct
Manchester City GK Ederson
97%
Manchester City MF Kevin De Bruyne
95%
Manchester City FW Riyad Mahrez
95%
Manchester City DF Rúben Dias
95%
Manchester City MF Bernardo Silva
93%
Villarreal FW Boulaye Dia
91%
Manchester City DF Oleksandr Zinchenko
90%
Manchester City MF Rodri
90%
Manchester City DF João Cancelo
89%
RB Leipzig FW André Silva
88%
Manchester City DF Nathan Aké
88%
Paris Saint-Germain GK Keylor Navas
87%
Benfica FW Rafa Silva
87%
Paris Saint-Germain DF Achraf Hakimi
86%
Sevilla DF Jesús Navas
86%
Paris Saint-Germain FW Kylian Mbappé
86%
Paris Saint-Germain FW Lionel Messi
86%
Paris Saint-Germain FW Neymar
86%
Atletico Madrid GK Jan Oblak
85%
Porto MF Luis Díaz
84%
Liverpool GK Alisson
83%
Paris Saint-Germain DF Marquinhos
82%
Liverpool DF Andrew Robertson
80%
Liverpool FW Mohamed Salah
80%
Bayern Munich GK Manuel Neuer
79%
Real Madrid GK Thibaut Courtois
79%
Liverpool DF Trent Alexander-Arnold
79%
Real Madrid DF David Alaba
78%
Real Madrid FW Karim Benzema
78%
Real Madrid MF Luka Modrić
78%
Bayern Munich FW Robert Lewandowski
78%
Real Madrid FW Vinícius Júnior
78%
Bayern Munich DF Alphonso Davies
77%
FC Barcelona GK Marc-André ter Stegen
77%
Manchester United FW Cristiano Ronaldo
76%
Liverpool FW Diogo Jota
76%
Borussia Dortmund FW Erling Haaland
76%
FC Barcelona MF Frenkie de Jong
76%
Liverpool DF Joël Matip
76%
FC Barcelona FW Luuk de Jong
76%
Real Madrid DF Dani Carvajal
75%
Manchester United GK David De Gea
75%
Chelsea GK Édouard Mendy
75%
Real Madrid MF Federico Valverde
75%
Liverpool MF Jordan Henderson
75%
Atletico Madrid FW Luis Suárez
75%
Paris Saint-Germain DF Presnel Kimpembe
75%
Bayern Munich MF Thomas Müller
75%
Real Madrid MF Casemiro
74%
Liverpool MF Fabinho
74%
Manchester City FW Ferran Torres
74%
Manchester United MF Bruno Fernandes
73%
Real Madrid DF Éder Militão
73%
Atletico Madrid FW João Félix
73%
Inter Milan FW Lautaro Martínez
73%
Liverpool DF Joe Gomez
72%
Bayern Munich MF Joshua Kimmich
72%
Bayern Munich DF Dayot Upamecano
71%
Inter Milan FW Edin Džeko
71%
Manchester United DF Harry Maguire
71%
Manchester City FW Jack Grealish
71%
FC Barcelona FW Memphis Depay
71%
Liverpool MF Naby Keïta
71%
Sevilla FW Papu Gómez
71%
Chelsea FW Hakim Ziyech
70%
Chelsea MF Mateo Kovačić
70%
Villarreal DF Pau Torres
70%
Inter Milan GK Samir Handanović
70%
Chelsea DF Antonio Rüdiger
69%
FC Barcelona DF Jordi Alba
69%
Bayern Munich MF Leon Goretzka
69%
Bayern Munich MF Leroy Sané
69%
Ajax DF Lisandro Martínez
69%
FC Barcelona MF Pedri
69%
Chelsea FW Romelu Lukaku
69%
FC Barcelona DF Ronald Araújo
69%
Manchester United DF Victor Lindelöf
69%
Chelsea MF Jorginho
68%
Atletico Madrid DF José Giménez
68%
Borussia Dortmund MF Jude Bellingham
68%
Manchester United DF Luke Shaw
68%
AC Milan GK Mike Maignan
68%
Porto FW Toni Martínez
68%
Chelsea DF Andreas Christensen
67%
Bayern Munich DF Benjamin Pavard
67%
Chelsea DF César Azpilicueta
67%
Red Bull Salzburg DF Rasmus Kristensen
67%
AC Milan DF Theo Hernandez
67%
Liverpool FW Divock Origi
66%
Paris Saint-Germain MF Georginio Wijnaldum
66%
FC Barcelona DF Gerard Piqué
66%
Atletico Madrid MF Koke
66%
Paris Saint-Germain MF Leandro Paredes
65%
Atletico Madrid MF Geoffrey Kondogbia
64%
Juventus DF Matthijs de Ligt
64%
Chelsea DF Reece James
64%
Borussia Dortmund MF Marco Reus
63%
Inter Milan DF Milan Škriniar
63%
Manchester United MF Fred
62%
Borussia Dortmund DF Manuel Akanji
62%
Borussia Dortmund DF Mats Hummels
62%
Inter Milan MF Nicolò Barella
62%
FC Barcelona MF Sergio Busquets
62%
AC Milan DF Simon Kjær
62%
Lille FW Jonathan David
61%
AC Milan MF Rafael Leão
61%
Inter Milan DF Stefan de Vrij
61%
Manchester United DF Aaron Wan-Bissaka
60%
Juventus FW Álvaro Morata
60%
AC Milan DF Fikayo Tomori
60%
Inter Milan MF Hakan Çalhanoğlu
60%
Bayern Munich DF Niklas Süle
60%
Juventus FW Paulo Dybala
60%
Ajax FW Dušan Tadić
59%
Inter Milan MF Marcelo Brozović
59%
Manchester United MF Paul Pogba
59%
Inter Milan MF Ivan Perišić
58%
Juventus MF Juan Cuadrado
58%
Juventus DF Leonardo Bonucci
58%
Chelsea DF Marcos Alonso
58%
Chelsea FW Mason Mount
58%
RB Leipzig GK Péter Gulácsi
58%
Inter Milan DF Alessandro Bastoni
57%
AC Milan MF Franck Kessié
57%
Atletico Madrid MF Yannick Carrasco
57%
Borussia Dortmund MF Donyell Malen
56%
Borussia Dortmund GK Gregor Kobel
56%
Real Madrid DF Nacho
56%
Borussia Dortmund DF Raphaël Guerreiro
56%
Juventus DF Alex Sandro
55%
Juventus DF Danilo
55%
Atletico Madrid MF Thomas Lemar
55%
Juventus GK Wojciech Szczęsny
54%
Sevilla GK Yassine Bounou
54%
Ajax FW Antony
53%
RB Leipzig MF Emil Forsberg
53%
Bayern Munich MF Jamal Musiala
53%
Wolfsburg MF Maximilian Arnold
53%
Borussia Dortmund DF Thomas Meunier
53%
AC Milan MF Brahim Diaz
52%
Manchester United MF Donny van de Beek
52%
AC Milan MF Ismaël Bennacer
52%
Ajax FW Sébastien Haller
52%
FC Barcelona DF Sergi Roberto
52%
Porto FW Mehdi Taremi
51%
RB Leipzig DF Willi Orbán
51%
Juventus MF Adrien Rabiot
49%
RB Leipzig MF Christopher Nkunku
49%
RB Leipzig MF Dani Olmo
49%
Sevilla MF Ivan Rakitić
49%
Real Madrid FW Lucas Vázquez
49%
Juventus MF Rodrigo Bentancur
49%
AC Milan FW Ante Rebić
48%
Atalanta FW Duvan Zapata
48%
Villarreal GK Gerónimo Rulli
48%
Ajax DF Noussair Mazraoui
48%
Porto DF Pepe
48%
Manchester United MF Jadon Sancho
47%
Porto GK Diogo Costa
45%
Atletico Madrid DF Marcos Llorente
45%
Paris Saint-Germain MF Ander Herrera
44%
Atletico Madrid DF Felipe
44%
Villarreal FW Gerard Moreno
44%
RB Leipzig MF Konrad Laimer
44%
FC Barcelona DF Eric García
43%
Paris Saint-Germain DF Abdou Diallo
42%
RB Leipzig DF Angeliño
42%
Villarreal MF Dani Parejo
42%
Ajax MF Edson Álvarez
42%
Lille FW Burak Yılmaz
41%
AC Milan DF Davide Calabria
41%
Sevilla DF Jules Koundé
41%
Borussia Dortmund MF Julian Brandt
41%
Benfica DF Nicolás Otamendi
41%
Club Brugge GK Simon Mignolet
41%
RB Leipzig MF Tyler Adams
41%
Wolfsburg GK Koen Casteels
40%
Young Boys DF Ulisses Garcia
40%
Ajax DF Daley Blind
38%
RB Leipzig DF Lukas Klostermann
38%
Sevilla FW Youssef En-Nesyri
38%
RB Leipzig DF Nordi Mukiele
37%
Juventus MF Manuel Locatelli
36%
Sevilla DF Marcos Acuña
36%
Sevilla DF Diego Carlos
35%
Benfica DF Jan Vertonghen
35%
Benfica GK Odisseas Vlachodimos
35%
Atalanta MF Robin Gosens
34%
Villarreal MF Étienne Capoue
33%
Sevilla MF Fernando
33%
Shakhtar Donetsk FW Fernando
33%
Sheriff Tiraspol DF Fernando
33%
Villarreal DF Juan Foyth
33%
Villarreal DF Raúl Albiol
33%
Lille DF Reinildo Mandava
33%
Lille DF José Fonte
32%
Beşiktaş MF Miralem Pjanić
32%
Atalanta MF Remo Freuler
32%
Lille MF Angel Gomes
31%
Sporting CP GK Antonio Adán
31%
Porto DF Chancel Mbemba
31%
AC Milan MF Alexis Saelemaekers
30%
Atletico Madrid DF Mario Hermoso
30%
Atalanta MF Marten De Roon
30%
Sheriff Tiraspol MF Adama Traoré
29%
Benfica DF Álex Grimaldo
29%
Red Bull Salzburg FW Karim Adeyemi
29%
Shakhtar Donetsk FW Lassina Traoré
29%
Lille DF Sven Botman
28%
Inter Milan MF Matteo Darmian
27%
Wolfsburg FW Wout Weghorst
27%
Ajax DF Jurriën Timber
26%
Wolfsburg DF Maxence Lacroix
26%
Lille DF Zeki Çelik
26%
Red Bull Salzburg FW Benjamin Šeško
25%
Atalanta GK Juan Musso
25%
Benfica MF Julian Weigl
25%
Atalanta FW Ruslan Malinovskyi
25%
Sevilla FW Suso
25%
Atalanta DF Berat Djimsiti
24%
Beşiktaş MF Atiba Hutchinson
23%
Lille MF Benjamin André
23%
Wolfsburg DF John Brooks
23%
Wolfsburg DF Kevin Mbabu
23%
Ajax MF Ryan Gravenberch
23%
Club Brugge MF Hans Vanaken
22%
Porto MF Mateus Uribe
22%
Sporting CP DF Pedro Porro
22%
Atalanta DF Rafael Toloi
22%
Ajax GK Remko Pasveer
22%
Shakhtar Donetsk GK Andriy Pyatov
21%
Porto DF Jesús Corona
21%
Club Brugge MF Noa Lang
21%
Benfica FW Roman Yaremchuk
21%
Club Brugge DF Clinton Mata
20%
Borussia Dortmund MF Mahmoud Dahoud
20%
Beşiktaş FW Michy Batshuayi
20%
Club Brugge FW Charles De Ketelaere
19%
Wolfsburg DF Jérôme Roussillon
18%
Benfica MF João Mário
18%
Zenit Saint Petersburg FW Sardar Azmoun
18%
Beşiktaş FW Cyle Larin
17%
Atalanta DF José Luis Palomino
17%
Porto MF Marko Grujić
17%
Ajax MF Steven Berghuis
17%
Porto DF Zaidu Sanusi
17%
Porto MF Otávio
16%
Lille GK Ivo Grbić
15%
Sevilla MF Joan Jordán
15%
Zenit Saint Petersburg FW Malcom
15%
Villarreal MF Yeremi Pino
15%
Red Bull Salzburg MF Brenden Aaronson
14%
Sporting CP DF Gonçalo Inácio
14%
Sporting CP FW Jovane Cabral
14%
Sporting CP MF Matheus Nunes
14%
Villarreal DF Alfonso Pedraza
13%
Atalanta MF Davide Zappacosta
13%
Lille MF Jonathan Ikoné
13%
Beşiktaş FW Rachid Ghezzal
13%
Shakhtar Donetsk MF Tetê
13%
Lille MF Xeka
13%
Wolfsburg MF Josuha Guilavogui
12%
Atalanta FW Matteo Pessina
12%
Villarreal MF Manu Trigueros
11%
Zenit Saint Petersburg DF Douglas Santos
10%
Sporting CP FW Nuno Santos
10%
Sporting CP FW Paulinho
10%
Beşiktaş DF Valentin Rosier
10%
Dynamo Kyiv DF Vitaliy Mykolenko
10%
Shakhtar Donetsk DF Dodô
9%
Benfica FW Everton
9%
Shakhtar Donetsk DF Ismaily
9%
Young Boys DF Mohamed Ali Camara
9%
Red Bull Salzburg MF Mohamed Camara
9%
Wolfsburg MF Renato Steffen
9%
Dynamo Kyiv MF Viktor Tsygankov
9%
Club Brugge DF Jack Hendry
8%
Sporting CP MF João Palhinha
8%
Wolfsburg MF Ridle Baku
8%
Sheriff Tiraspol MF Sébastien Thill
8%
Sheriff Tiraspol DF Cristiano
7%
Club Brugge DF Eduard Sobol
7%
Shakhtar Donetsk MF Marcos Antônio
7%
Red Bull Salzburg DF Oumar Solet
7%
Dynamo Kyiv DF Tomasz Kędziora
7%
Zenit Saint Petersburg MF Wendel
7%
Zenit Saint Petersburg MF Wílmar Barrios
7%
Sporting CP DF Zouhair Feddal
7%
Red Bull Salzburg DF Andreas Ulmer
6%
Club Brugge MF Éder Balanta
6%
Sporting CP DF Luís Neto
6%
Shakhtar Donetsk DF Marlon
6%
Red Bull Salzburg DF Maximilian Wöber
6%
Dynamo Kyiv MF Mykola Shaparenko
6%
Club Brugge DF Stanley Nsoki
6%
Zenit Saint Petersburg DF Yaroslav Rakitskyi
6%
Malmö MF Anders Christiansen
5%
Young Boys MF Christopher Martins
5%
Zenit Saint Petersburg FW Claudinho
5%
Benfica DF Gilberto
5%
Dynamo Kyiv DF Illya Zabarnyi
5%
Red Bull Salzburg MF Luka Sučić
5%
Club Brugge MF Mats Rits
5%
Benfica DF Morato
5%
Red Bull Salzburg MF Nicolas Seiwald
5%
Malmö DF Anel Ahmedhodžić
4%
Dynamo Kyiv MF Carlos de Pena
4%
Young Boys GK David von Ballmoos
4%
Club Brugge MF Kamal Sowah
4%
Wolfsburg MF Maximilian Philipp
4%
Red Bull Salzburg GK Philipp Köhn
4%
Malmö FW Antonio Čolak
3%
Young Boys FW Christian Fassnacht
3%
Sheriff Tiraspol MF Dimitris Kolovos
3%
Beşiktaş GK Ersin Destanoğlu
3%
Beşiktaş DF Fabrice Nsakala
3%
Beşiktaş DF Francisco Montero
3%
Sheriff Tiraspol GK Giorgos Athanasiadis
3%
Beşiktaş MF Josef de Souza
3%
Shakhtar Donetsk MF Maycon
3%
Young Boys MF Meschak Elia
3%
Young Boys MF Michel Aebischer
3%
Young Boys FW Moumi Ngamaleu
3%
Shakhtar Donetsk FW Pedrinho
3%
Dynamo Kyiv MF Serhiy Sydorchuk
3%
Malmö FW Veljko Birmančević
3%
Malmö MF Bonke Innocent
2%
Dynamo Kyiv GK Denys Boyko
2%
Sheriff Tiraspol MF Edmund Addo
2%
Sheriff Tiraspol MF Frank Castañeda
2%
Sheriff Tiraspol DF Gustavo Dulanto
2%
Dynamo Kyiv FW Ilya Shkurin
2%
Malmö GK Ismael Diawara
2%
Sheriff Tiraspol FW Jasurbek Yakhshiboev
2%
Shakhtar Donetsk DF Mykola Matviyenko
2%
Sporting CP DF Rúben Vinagre
2%
Young Boys DF Sandro Lauper
2%
Young Boys DF Silvan Hefti
2%
Malmö DF Søren Rieks
2%
Dynamo Kyiv FW Vitaliy Buyalskyi
2%
Beşiktaş DF Welinton
2%
Zenit Saint Petersburg DF Aleksei Sutormin
1%
Zenit Saint Petersburg MF Daler Kuzyayev
1%
Sheriff Tiraspol DF Danilo Arboleda
1%
Zenit Saint Petersburg DF Dmitri Chistyakov
1%
Malmö MF Erdal Rakip
1%
Malmö DF Franz Brorsson
1%
Malmö DF Jo Inge Berget
1%
Malmö DF Lasse Nielsen
1%
Dynamo Kyiv DF Oleksandr Syrota
1%
Zenit Saint Petersburg GK Stanislav Kritsyuk
1%
Young Boys MF Vincent Sierro
1%
No matching quizzes found
Score Distribution
Percent of People with Each Score
Percentile by Number Answered
Your Score History
You have not taken this quiz